[Event "Skakligaen 2021-22"]
[Site "Denmark"]
[Date "2021.10.30"]
[Round "1.1"]
[White "Hansen, Sune Berg"]
[Black "Ochsner, Bjorn Moller"]
[Result "1/2-1/2"]
[WhiteElo "2528"]
[BlackElo "2506"]
[PlyCount "58"]
[EventDate "2021.10.30"]
[EventType "team-tourn"]
[EventRounds "9"]
[EventCountry "DEN"]
[SourceTitle "Live"]
[WhiteTeam "Hillerod"]
[BlackTeam "AarhusSkolerne"]

1. Nf3 Nf6 2. g3 g6 3. Bg2 Bg7 4. O-O O-O 5. d3 c5 6. e4 Nc6 7. c3 e5 8. Re1
Re8 9. a4 d6 10. Na3 h6 11. Bd2 Bg4 12. h3 Be6 13. b4 Qd7 14. Kh2 g5 15. Nc4
cxb4 16. cxb4 g4 17. hxg4 Nxg4+ 18. Kg1 f5 19. b5 Ne7 20. Rc1 Rac8 21. exf5
Nxf5 22. Bb4 Rf8 23. Rc2 Qf7 24. Re4 Nf6 25. Re1 e4 26. dxe4 Bxc4 27. Qc1 Ne7
28. Bxd6 Bb3 29. Rxc8 Rxc8 1/2-1/2

[Event "Skakligaen 2021-22"]
[Site "Denmark"]
[Date "2021.10.30"]
[Round "1.2"]
[White "Glud, Jakob Vang"]
[Black "Schandorff, Lars"]
[Result "0-1"]
[WhiteElo "2524"]
[BlackElo "2458"]
[PlyCount "140"]
[EventDate "2021.10.30"]
[EventType "team-tourn"]
[EventRounds "9"]
[EventCountry "DEN"]
[SourceTitle "Live"]
[WhiteTeam "AarhusSkolerne"]
[BlackTeam "Hillerod"]

1. c4 c5 2. g3 g6 3. Bg2 Bg7 4. Nc3 Nc6 5. Nf3 e6 6. O-O Nge7 7. d3 O-O 8. Bf4
d5 9. cxd5 Nxd5 10. Bg5 Qd7 11. Qd2 Re8 12. h4 b6 13. Nh2 f5 14. h5 Bb7 15. Nf3
Nf6 16. hxg6 hxg6 17. Qf4 Ng4 18. Rad1 Nd4 19. e4 Nxf3+ 20. Bxf3 Ne5 21. Bg2
Nf7 22. Qh4 Nxg5 23. Qxg5 Kf7 24. Rfe1 Rad8 25. g4 Bf6 26. Qd2 Rh8 27. Ne2 fxg4
28. Nc3 Be5 29. Qg5 Rh5 30. Qxg4 Kg7 31. Re3 Rf8 32. Rf3 Rxf3 33. Bxf3 Qe7 34.
Kf1 Qf6 35. Ke2 Rh4 36. Qg2 Rh2 37. Qg4 Rh4 38. Qg2 Ba6 39. Rg1 Rh2 40. Qg5
Bxd3+ 41. Kxd3 Qxf3+ 42. Kc4 Qf6 43. Qxf6+ Kxf6 44. Nd1 Rh4 45. Kd3 b5 46. b3
Rh3+ 47. Ke2 Bd4 48. Rg4 e5 49. f4 Rh2+ 50. Kd3 Rxa2 51. fxe5+ Bxe5 52. Ne3 Rb2
53. Nd5+ Kf7 54. b4 cxb4 55. Rg5 Bf6 56. Rg1 Rb3+ 57. Ke2 Bd4 58. Rf1+ Ke6 59.
Rf8 a5 60. Nc7+ Ke7 61. Ra8 Kd7 62. Nxb5 Bb6 63. Ra6 Rb2+ 64. Kd3 Kc6 65. Nd6
Rb3+ 66. Kd2 Kxd6 67. Rxb6+ Ke5 68. Rxg6 Kxe4 69. Rd6 Rc3 70. Rd8 Rc5 0-1

[Event "Skakligaen 2021-22"]
[Site "Denmark"]
[Date "2021.10.30"]
[Round "1.3"]
[White "Percivaldi, Martin"]
[Black "Skytte, Rasmus"]
[Result "1/2-1/2"]
[WhiteElo "2385"]
[BlackElo "2378"]
[PlyCount "44"]
[EventDate "2021.10.30"]
[EventType "team-tourn"]
[EventRounds "9"]
[EventCountry "DEN"]
[SourceTitle "Live"]
[WhiteTeam "Hillerod"]
[BlackTeam "AarhusSkolerne"]

1. Nf3 d5 2. e3 Nf6 3. b3 Bf5 4. Bb2 Nbd7 5. Be2 h6 6. c4 c6 7. O-O e6 8. cxd5
exd5 9. d3 Be7 10. Nbd2 O-O 11. Re1 Bh7 12. a3 a5 13. Ne5 Nxe5 14. Bxe5 Nd7 15.
Bc3 Bf6 16. Qc2 Re8 17. Qb2 Qe7 18. d4 Nb6 19. a4 Qc7 20. Nf3 Nc8 21. b4 axb4
22. Qxb4 Nd6 1/2-1/2

[Event "Skakligaen 2021-22"]
[Site "Denmark"]
[Date "2021.10.30"]
[Round "1.4"]
[White "Sorensen, Jan"]
[Black "Borge, Nikolaj"]
[Result "1/2-1/2"]
[WhiteElo "2369"]
[BlackElo "2381"]
[PlyCount "99"]
[EventDate "2021.10.30"]
[EventType "team-tourn"]
[EventRounds "9"]
[EventCountry "DEN"]
[SourceTitle "Live"]
[WhiteTeam "AarhusSkolerne"]
[BlackTeam "Hillerod"]

1. e4 c5 2. Nf3 d6 3. Bb5+ Nd7 4. d4 Ngf6 5. O-O cxd4 6. Qxd4 e5 7. Qd3 a6 8.
Bxd7+ Bxd7 9. Bg5 Rc8 10. Nc3 Be6 11. Rfd1 h6 12. Bxf6 Qxf6 13. Nd5 Qd8 14. c4
g6 15. Qb3 Rb8 16. c5 dxc5 17. Qc3 Bd6 18. Nxe5 Bxd5 19. Rxd5 Qf6 20. Rad1 Bxe5
21. Qxe5+ Qxe5 22. Rxe5+ Kf8 23. Rxc5 Kg7 24. Kf1 Rhc8 25. Rdc1 Rxc5 26. Rxc5
Re8 27. Rc7 Rxe4 28. Rxb7 Rc4 29. Ke2 Rc2+ 30. Ke3 h5 31. h4 a5 32. g3 Kf6 33.
Rb5 a4 34. Rb4 a3 35. bxa3 Rc3+ 36. Ke4 Rxa3 37. Rb6+ Ke7 38. Rb2 Ke6 39. Rb6+
Ke7 40. Rb2 Ke6 41. Re2 Kf6 42. Kd4 Kf5 43. Kc4 Ra8 44. Kb4 Rb8+ 45. Kc3 Ra8
46. Rb2 Rc8+ 47. Kd2 Ra8 48. Kc2 Ra3 49. Kd2 f6 50. Ke2 1/2-1/2

[Event "Skakligaen 2021-22"]
[Site "Denmark"]
[Date "2021.10.30"]
[Round "1.5"]
[White "Pedersen, Steffen"]
[Black "Vinter Schou, Uffe"]
[Result "1-0"]
[WhiteElo "2338"]
[BlackElo "2297"]
[PlyCount "57"]
[EventDate "2021.10.30"]
[EventType "team-tourn"]
[EventRounds "9"]
[EventCountry "DEN"]
[SourceTitle "Live"]
[WhiteTeam "Hillerod"]
[BlackTeam "AarhusSkolerne"]

1. d4 Nf6 2. Nf3 e6 3. c4 b6 4. a3 Bb7 5. Nc3 d5 6. cxd5 exd5 7. Bf4 Be7 8. e3
O-O 9. Be2 Nbd7 10. h3 c5 11. Ne5 Re8 12. O-O a6 13. Bf3 Nf8 14. dxc5 Bxc5 15.
Qb3 Bd6 16. Nxf7 Kxf7 17. Nxd5 Ne6 18. Nxf6 Bxf3 19. Nxe8 Bxf4 20. exf4 Bd5 21.
Qd3 Kxe8 22. Rfe1 Ra7 23. f5 Qa8 24. fxe6 Bxg2 25. Qxh7 Bf3 26. Qg8+ Ke7 27.
Qxg7+ Kd6 28. Qg3+ Ke7 29. Qg5+ 1-0

[Event "Skakligaen 2021-22"]
[Site "Denmark"]
[Date "2021.10.30"]
[Round "1.6"]
[White "Sogaard, Soren"]
[Black "Jaksland, Tim"]
[Result "1/2-1/2"]
[WhiteElo "2282"]
[BlackElo "2212"]
[PlyCount "36"]
[EventDate "2021.10.30"]
[EventType "team-tourn"]
[EventRounds "9"]
[EventCountry "DEN"]
[SourceTitle "Live"]
[WhiteTeam "AarhusSkolerne"]
[BlackTeam "Hillerod"]

1. d4 Nf6 2. Bf4 e6 3. e3 d5 4. Nf3 Bd6 5. Bg3 O-O 6. Nbd2 b6 7. Bd3 Bb7 8. c3
c5 9. Qe2 Qc7 10. e4 dxe4 11. Nxe4 Nxe4 12. Bxe4 Bxe4 13. Qxe4 Nd7 14. dxc5
Nxc5 15. Qc2 h6 16. Bxd6 Qxd6 17. Rd1 Qc7 18. O-O Rad8 1/2-1/2

[Event "Skakligaen 2021-22"]
[Site "Denmark"]
[Date "2021.10.30"]
[Round "1.7"]
[White "Ostergaard, Jens"]
[Black "Pedersen, Finn"]
[Result "0-1"]
[WhiteElo "2230"]
[BlackElo "2294"]
[PlyCount "80"]
[EventDate "2021.10.30"]
[EventType "team-tourn"]
[EventRounds "9"]
[EventCountry "DEN"]
[SourceTitle "Live"]
[WhiteTeam "Hillerod"]
[BlackTeam "AarhusSkolerne"]

1. d4 d5 2. Nf3 c6 3. c4 Nf6 4. Nc3 dxc4 5. a4 Bf5 6. e3 e6 7. Bxc4 Bb4 8. O-O
O-O 9. Qe2 Ne4 10. Nxe4 Bxe4 11. Rd1 Nd7 12. Bd3 Bxd3 13. Rxd3 Qe7 14. Rb3 Rab8
15. e4 a5 16. Bf4 Rbc8 17. e5 c5 18. Bg5 Qe8 19. Bd2 Bxd2 20. Qxd2 b6 21. Rd1
h6 22. d5 exd5 23. Qxd5 c4 24. Rb5 c3 25. bxc3 Rxc3 26. h3 Nc5 27. Rxb6 Qxa4
28. Rdb1 Ne6 29. Rb8 Rc1+ 30. Rxc1 Rxb8 31. Qc4 Qd7 32. Ra1 Rb4 33. Qc3 Qb5 34.
Qc8+ Kh7 35. Qc2+ Kg8 36. Qc8+ Nf8 37. Kh2 Rb1 38. Ra3 Rb3 39. Ra1 Rxf3 40. Rd1
Qxe5+ 0-1

[Event "Skakligaen 2021-22"]
[Site "Denmark"]
[Date "2021.10.30"]
[Round "1.1"]
[White "Hillarp Persson, Tiger"]
[Black "Svane, Rasmus"]
[Result "0-1"]
[WhiteElo "2521"]
[BlackElo "2625"]
[PlyCount "74"]
[EventDate "2021.10.30"]
[EventType "team-tourn"]
[EventRounds "9"]
[EventCountry "DEN"]
[SourceTitle "Live"]
[WhiteTeam "Bronshoj"]
[BlackTeam "Skanderborg"]

1. d4 Nf6 2. c4 e6 3. Nc3 Bb4 4. e3 O-O 5. Nf3 c5 6. Bd3 d5 7. cxd5 exd5 8. a3
Bxc3+ 9. bxc3 Bg4 10. O-O Nbd7 11. Qe1 Ne4 12. a4 Re8 13. Kh1 Re6 14. Ng1 Qc7
15. Bxe4 dxe4 16. f4 cxd4 17. cxd4 Rc6 18. d5 Rc2 19. Rf2 Rxf2 20. Qxf2 Nc5 21.
h3 Nb3 22. Bb2 Nxa1 23. Bxa1 Bf5 24. Ne2 f6 25. Bd4 Qc2 26. Qe1 Qxa4 27. Kh2
Qd7 28. Qa1 Qxd5 29. g4 Bd7 30. Nc3 Qe6 31. Qa5 b6 32. Bxb6 h5 33. Bd4 hxg4 34.
hxg4 Rb8 35. f5 Qd6+ 36. Kg1 Qg3+ 37. Kf1 Rb2 0-1

[Event "Skakligaen 2021-22"]
[Site "Denmark"]
[Date "2021.10.30"]
[Round "1.2"]
[White "Andersen, Mads"]
[Black "Aagaard, Jacob"]
[Result "1/2-1/2"]
[WhiteElo "2572"]
[BlackElo "2461"]
[PlyCount "83"]
[EventDate "2021.10.30"]
[EventType "team-tourn"]
[EventRounds "9"]
[EventCountry "DEN"]
[SourceTitle "Live"]
[WhiteTeam "Skanderborg"]
[BlackTeam "Bronshoj"]

1. Nf3 d5 2. g3 Nf6 3. Bg2 e6 4. O-O Be7 5. c4 O-O 6. d4 dxc4 7. Ne5 Nc6 8.
Nxc6 bxc6 9. Na3 Bxa3 10. bxa3 Rb8 11. Qa4 Rb6 12. Qxc4 Ba6 13. Qc2 Qxd4 14.
Be3 Rb2 15. Qxh7+ Kxh7 16. Bxd4 Rd2 17. Bc3 Rdd8 18. Bb4 Rh8 19. Bf3 Nd5 20.
Rfc1 Bb5 21. Rc5 Rd7 22. Be1 Rb8 23. Rac1 Kg8 24. Kg2 Rbd8 25. a4 Bxa4 26. Ra5
Nb6 27. Rxa7 Rd1 28. Rxd1 Rxd1 29. Ba5 Bb5 30. Rxc7 Nc4 31. Bb4 Ne5 32. Be4 f5
33. Bc2 Rc1 34. Bb3 Bxe2 35. Bxe6+ Kh8 36. g4 f4 37. Rc8+ Kh7 38. Bf5+ g6 39.
Rc7+ Kh8 40. Rc8+ Kh7 41. Rc7+ Kh8 42. Rc8+ 1/2-1/2

[Event "Skakligaen 2021-22"]
[Site "Denmark"]
[Date "2021.10.30"]
[Round "1.3"]
[White "Vasli, Aref"]
[Black "Svane, Frederik"]
[Result "0-1"]
[WhiteElo "2380"]
[BlackElo "2470"]
[PlyCount "64"]
[EventDate "2021.10.30"]
[EventType "team-tourn"]
[EventRounds "9"]
[EventCountry "DEN"]
[SourceTitle "Live"]
[WhiteTeam "Bronshoj"]
[BlackTeam "Skanderborg"]

1. e4 c5 2. Nf3 e6 3. d4 cxd4 4. Nxd4 a6 5. Nc3 b5 6. Bd3 Bb7 7. O-O Nc6 8.
Nxc6 Bxc6 9. Qe2 Bc5 10. e5 f5 11. exf6 Nxf6 12. Bg5 O-O 13. Kh1 Qb6 14. f4 Bd4
15. Rae1 Qb7 16. a3 Rae8 17. Bxf6 Bxf6 18. Ne4 Bxe4 19. Bxe4 d5 20. Bd3 Bxb2
21. Rb1 Bxa3 22. Rb3 Bd6 23. Qh5 g6 24. Bxg6 hxg6 25. Rg3 Rf6 26. Rxg6+ Rxg6
27. Qxg6+ Kf8 28. f5 Qf7 29. Qh6+ Ke7 30. Qe3 Qf6 31. g4 Qe5 32. Qa7+ Bc7 0-1

[Event "Skakligaen 2021-22"]
[Site "Denmark"]
[Date "2021.10.30"]
[Round "1.4"]
[White "Boe Olsen, Filip"]
[Black "Hoi, Carsten"]
[Result "1-0"]
[WhiteElo "2357"]
[BlackElo "2348"]
[PlyCount "112"]
[EventDate "2021.10.30"]
[EventType "team-tourn"]
[EventRounds "9"]
[EventCountry "DEN"]
[SourceTitle "Live"]
[WhiteTeam "Skanderborg"]
[BlackTeam "Bronshoj"]

1. d4 d5 2. c4 dxc4 3. Nf3 Nf6 4. e3 Bg4 5. Bxc4 e6 6. Qb3 Bxf3 7. gxf3 Nbd7 8.
Qxb7 c5 9. dxc5 Rb8 10. Qxa7 Bxc5 11. Qa4 O-O 12. Be2 Ne5 13. Qc2 Qe7 14. Rg1
Rfc8 15. Nc3 Qb7 16. Rg3 Ng6 17. a3 Bd6 18. Rh3 Be5 19. Bd2 Qxb2 20. Qxb2 Rxb2
21. Rc1 h6 22. Nb5 Rxc1+ 23. Bxc1 Rb1 24. Kd2 Nf4 25. exf4 Bxf4+ 26. Kc2 Rxc1+
27. Kb3 Nd7 28. Rh4 g5 29. Rxh6 Nc5+ 30. Kb2 Re1 31. Bc4 Kg7 32. Rh3 Rd1 33.
Kc3 Na6 34. Bd3 f5 35. Bc4 Re1 36. a4 Rc1+ 37. Kb3 Ra1 38. Nd4 Rb1+ 39. Ka2 Rb4
40. Nxe6+ Kf6 41. Rh6+ Ke5 42. Nxf4 Rxc4 43. Nd3+ Kd4 44. Nb2 Nb4+ 45. Kb3 Rc6
46. Rxc6 Nxc6 47. Kc2 Ne5 48. f4 gxf4 49. h4 f3 50. h5 Ng4 51. Nd3 Kc4 52. Kd2
Kd4 53. a5 Kd5 54. Kc3 Kc6 55. Kc4 f4 56. Kb4 Kd6 1-0

[Event "Skakligaen 2021-22"]
[Site "Denmark"]
[Date "2021.10.30"]
[Round "1.5"]
[White "Carstensen, Jacob"]
[Black "Andersen, Jackie"]
[Result "1-0"]
[WhiteElo "2361"]
[BlackElo "2398"]
[PlyCount "59"]
[EventDate "2021.10.30"]
[EventType "team-tourn"]
[EventRounds "9"]
[EventCountry "DEN"]
[SourceTitle "Live"]
[WhiteTeam "Bronshoj"]
[BlackTeam "Skanderborg"]

1. d4 b5 2. e4 Bb7 3. Bd3 e6 4. Qe2 a6 5. Nf3 c5 6. c3 Nf6 7. Nbd2 cxd4 8. cxd4
d6 9. O-O Be7 10. e5 Nd5 11. Ne4 Nc6 12. Rd1 h6 13. a4 bxa4 14. Rxa4 a5 15.
exd6 Bxd6 16. Nc5 Qe7 17. Nxb7 Qxb7 18. Ne5 Ncb4 19. Be4 O-O 20. Ra3 f5 21. Nc4
Bxh2+ 22. Kxh2 fxe4 23. Qxe4 Qc7+ 24. Rg3 Qxc4 25. Qxe6+ Kh8 26. Bxh6 Ra7 27.
Rh1 Qc7 28. Bf4 Qf7 29. Kg1+ Kg8 30. Rxg7+ 1-0

[Event "Skakligaen 2021-22"]
[Site "Denmark"]
[Date "2021.10.30"]
[Round "1.6"]
[White "Pedersen, Nicolai Vesterbaek"]
[Black "Palm, Nikolaj"]
[Result "1/2-1/2"]
[WhiteElo "2365"]
[BlackElo "2281"]
[PlyCount "27"]
[EventDate "2021.10.30"]
[EventType "team-tourn"]
[EventRounds "9"]
[EventCountry "DEN"]
[SourceTitle "Live"]
[WhiteTeam "Skanderborg"]
[BlackTeam "Bronshoj"]

1. c4 e6 2. Nc3 d5 3. d4 Nf6 4. cxd5 exd5 5. Bg5 Nbd7 6. e3 Be7 7. Qc2 c6 8.
Bd3 h6 9. Bh4 O-O 10. Nge2 Re8 11. O-O Ne4 12. Bxe7 Qxe7 13. Rae1 Ndf6 14. f3
1/2-1/2

[Event "Skakligaen 2021-22"]
[Site "Denmark"]
[Date "2021.10.30"]
[Round "1.7"]
[White "Greger, Roland Reinhard"]
[Black "Brondt, Nicolai Kvist"]
[Result "1-0"]
[WhiteElo "2277"]
[BlackElo "2217"]
[PlyCount "71"]
[EventDate "2021.10.30"]
[EventType "team-tourn"]
[EventRounds "9"]
[EventCountry "DEN"]
[SourceTitle "Live"]
[WhiteTeam "Bronshoj"]
[BlackTeam "Skanderborg"]

1. e4 c5 2. Nf3 e6 3. d3 Nc6 4. g3 Nf6 5. Bg2 Be7 6. O-O d5 7. Nbd2 O-O 8. Re1
b5 9. e5 Nd7 10. Nf1 Qc7 11. Qe2 Bb7 12. Bf4 Rfc8 13. h4 Qd8 14. N1h2 h6 15.
Ng4 Bf8 16. Qd2 a5 17. h5 Kh7 18. Nh4 Ne7 19. c4 Qb6 20. Bxh6 gxh6 21. Qf4 Kg8
22. Nxh6+ Bxh6 23. Qxh6 bxc4 24. Qg5+ Kf8 25. h6 Ng6 26. Nxg6+ fxg6 27. Qxg6
Ke7 28. Qg5+ Ke8 29. h7 Kf7 30. Bf3 Rh8 31. Bh5+ Kf8 32. Qh6+ Ke7 33. Qg7+ Kd8
34. Qxh8+ Kc7 35. Qxa8 Bxa8 36. h8=Q 1-0

[Event "Skakligaen 2021-22"]
[Site "Denmark"]
[Date "2021.10.30"]
[Round "1.8"]
[White "Berg, Klaus"]
[Black "Junge, Ralph"]
[Result "1-0"]
[WhiteElo "2287"]
[BlackElo "2228"]
[PlyCount "61"]
[EventDate "2021.10.30"]
[EventType "team-tourn"]
[EventRounds "9"]
[EventCountry "DEN"]
[SourceTitle "Live"]
[WhiteTeam "Skanderborg"]
[BlackTeam "Bronshoj"]

1. c4 e6 2. g3 d5 3. Bg2 c6 4. Nf3 Nd7 5. b3 Ngf6 6. O-O Bd6 7. Nc3 O-O 8. d4
Re8 9. Bb2 b6 10. Qc2 Bb7 11. Rad1 Rc8 12. e4 Nxe4 13. Nxe4 dxe4 14. Qxe4 Rc7
15. Rfe1 c5 16. d5 e5 17. Qd3 g6 18. g4 f6 19. Nd2 Nf8 20. Ne4 Bc8 21. g5 fxg5
22. Qg3 h6 23. Nxd6 Qxd6 24. Bxe5 Rxe5 25. Qxe5 Qxe5 26. Rxe5 Bg4 27. Rde1 Kf7
28. d6 Rd7 29. Bd5+ Kf6 30. Re8 Nh7 31. R1e7 1-0

[Event "Skakligaen 2021-22"]
[Site "Denmark"]
[Date "2021.10.31"]
[Round "2.1"]
[White "Fries Nielsen, Jens Ove"]
[Black "Hillarp Persson, Tiger"]
[Result "0-1"]
[WhiteElo "2378"]
[BlackElo "2521"]
[PlyCount "82"]
[EventDate "2021.10.30"]
[EventType "team-tourn"]
[EventRounds "9"]
[EventCountry "DEN"]
[SourceTitle "Turneringssystemet"]
[WhiteTeam "Fredericia"]
[BlackTeam "Bronshoj"]

1. d4 Nf6 2. Nc3 d5 3. Bf4 c5 4. e3 Bg4 5. f3 Bd7 6. g4 Nc6 7. Nge2 cxd4 8.
exd4 h6 9. h4 a6 10. Rg1 e6 11. Qd2 Rc8 12. g5 Nh5 13. Bh2 Na5 14. b3 b5 15.
Rg2 Nc6 16. a3 hxg5 17. hxg5 g6 18. Nd1 Be7 19. Nf2 Ng7 20. Bf4 Nf5 21. Ng4 a5
22. c3 b4 23. cxb4 axb4 24. a4 Rh3 25. Rf2 Rh5 26. Rh2 Rxh2 27. Nxh2 Qb6 28.
Rd1 Na5 29. Rb1 Rc3 30. Qd1 Ne3 31. Bxe3 Rxe3 32. Kf2 Bxg5 33. Ng4 Rxb3 34.
Rxb3 Bxa4 35. Nc1 Bxc1 36. Nf6+ Kd8 37. Qxc1 Nxb3 38. Qg5 Qxd4+ 39. Kg3 Kc7 40.
Ng4 Qg1+ 41. Bg2 Qc5 0-1

[Event "Skakligaen 2021-22"]
[Site "Denmark"]
[Date "2021.10.31"]
[Round "2.2"]
[White "Aagaard, Jacob"]
[Black "Light, Bjarne"]
[Result "1-0"]
[WhiteElo "2461"]
[BlackElo "2234"]
[PlyCount "41"]
[EventDate "2021.10.30"]
[EventType "team-tourn"]
[EventRounds "9"]
[EventCountry "DEN"]
[SourceTitle "Turneringssystemet"]
[WhiteTeam "Bronshoj"]
[BlackTeam "Fredericia"]

1. e4 c5 2. Nf3 Nc6 3. Nc3 e5 4. Bc4 h6 5. d3 g6 6. Nd5 Bg7 7. b4 d6 8. Be3
Nge7 9. c3 cxb4 10. cxb4 O-O 11. Qd2 Kh7 12. h4 Be6 13. Ng5+ Kg8 14. Nxe7+ Qxe7
15. Nxe6 fxe6 16. Bxh6 Nd4 17. Be3 b5 18. Bxd4 bxc4 19. Be3 Rac8 20. Rc1 cxd3
21. Qxd3 1-0

[Event "Skakligaen 2021-22"]
[Site "Denmark"]
[Date "2021.10.31"]
[Round "2.3"]
[White "Friis, Carsten Bank"]
[Black "Vasli, Aref"]
[Result "0-1"]
[WhiteElo "2212"]
[BlackElo "2380"]
[PlyCount "124"]
[EventDate "2021.10.30"]
[EventType "team-tourn"]
[EventRounds "9"]
[EventCountry "DEN"]
[SourceTitle "Turneringssystemet"]
[WhiteTeam "Fredericia"]
[BlackTeam "Bronshoj"]

1. c3 Nf6 2. d4 d5 3. Nf3 c6 4. Qc2 g6 5. e3 Bg7 6. Bd3 O-O 7. O-O Nbd7 8. Nbd2
e5 9. Nxe5 Nxe5 10. dxe5 Ng4 11. Nf3 Nxe5 12. Nxe5 Bxe5 13. f4 Bg7 14. e4 dxe4
15. Bxe4 Re8 16. Bd2 Bg4 17. Rae1 Qb6+ 18. Be3 Qb5 19. h3 Be6 20. b3 Bd5 21.
Bd3 Qa5 22. Bd2 Qc5+ 23. Kh2 f5 24. c4 Bf7 25. Rxe8+ Rxe8 26. Re1 Rd8 27. Bc1
Bd4 28. Qe2 Qa5 29. Rd1 Re8 30. Qd2 Qc7 31. Re1 Rd8 32. Qe2 c5 33. Bb1 Qa5 34.
Rd1 Qc3 35. Qc2 Re8 36. Qxc3 Bxc3 37. Kg3 Be6 38. Kf2 Bd4+ 39. Kf1 Kf7 40. Re1
Rd8 41. Rd1 Bd7 42. Bc2 a6 43. a4 b6 44. Rd2 Bc6 45. g3 Ke7 46. Ba3 h5 47. a5
Kf7 48. h4 Rb8 49. axb6 Rxb6 50. Bd1 a5 51. Ke2 Bg2 52. Kd3 Be4+ 53. Ke2 Re6
54. Kf1 Ke8 55. Be2 Rb6 56. Bd1 Rb7 57. Ra2 Bd3+ 58. Kg2 Re7 59. Rd2 Re3 60.
Bb2 Be4+ 61. Kh3 Bxb2 62. Rxb2 Re1 0-1

[Event "Skakligaen 2021-22"]
[Site "Denmark"]
[Date "2021.10.31"]
[Round "2.4"]
[White "Hoi, Carsten"]
[Black "Pedersen, Daniel Vesterbaek"]
[Result "1/2-1/2"]
[WhiteElo "2348"]
[BlackElo "2139"]
[PlyCount "46"]
[EventDate "2021.10.30"]
[EventType "team-tourn"]
[EventRounds "9"]
[EventCountry "DEN"]
[SourceTitle "Turneringssystemet"]
[WhiteTeam "Bronshoj"]
[BlackTeam "Fredericia"]

1. c4 e5 2. e3 Nf6 3. d4 exd4 4. exd4 Bb4+ 5. Nc3 O-O 6. Bd3 c5 7. d5 Bxc3+ 8.
bxc3 d6 9. Ne2 Nbd7 10. O-O Ne5 11. Bg5 h6 12. Bf4 Nxd3 13. Qxd3 Nh5 14. Be3
Qf6 15. Ng3 Nf4 16. Bxf4 Qxf4 17. Rae1 Bd7 18. Ne4 f5 19. Nd2 Qh4 20. Re2 Rae8
21. Rfe1 Rxe2 22. Rxe2 Qf6 23. h3 Qd8 1/2-1/2

[Event "Skakligaen 2021-22"]
[Site "Denmark"]
[Date "2021.10.31"]
[Round "2.5"]
[White "Guindy, Esmat Susanne"]
[Black "Carstensen, Jacob"]
[Result "1/2-1/2"]
[WhiteElo "2113"]
[BlackElo "2361"]
[PlyCount "84"]
[EventDate "2021.10.30"]
[EventType "team-tourn"]
[EventRounds "9"]
[EventCountry "DEN"]
[SourceTitle "Turneringssystemet"]
[WhiteTeam "Fredericia"]
[BlackTeam "Bronshoj"]

1. d4 Nf6 2. c4 e6 3. g3 d5 4. Bg2 Bb4+ 5. Bd2 Be7 6. Nf3 O-O 7. O-O c6 8. Qc2
Nbd7 9. b3 b6 10. Ne5 Nxe5 11. dxe5 Ng4 12. Bc3 Qc7 13. cxd5 exd5 14. Qb2 f6
15. exf6 Bxf6 16. h3 Bxc3 17. Nxc3 Nf6 18. Rad1 Bb7 19. Rd2 Rae8 20. Rfd1 Qf7
21. e3 Bc8 22. b4 b5 23. Rd4 Bf5 24. Rf4 Bg6 25. Rdd4 Qe7 26. Qd2 a6 27. g4 h6
28. a4 Rb8 29. a5 Rfe8 30. e4 dxe4 31. Bxe4 Bxe4 32. Nxe4 Nxe4 33. Rfxe4 Qxe4
34. Rxe4 Rxe4 35. Qd6 Rf8 36. Qxc6 Re1+ 37. Kg2 Re2 38. Qxa6 Rfxf2+ 39. Kg3
Rg2+ 40. Kf3 Rgf2+ 41. Kg3 Rg2+ 42. Kf3 Rgf2+ 1/2-1/2

[Event "Skakligaen 2021-22"]
[Site "Denmark"]
[Date "2021.10.31"]
[Round "2.6"]
[White "Palm, Nikolaj"]
[Black "Easwaralingam, Adesh"]
[Result "1/2-1/2"]
[WhiteElo "2281"]
[BlackElo "2136"]
[PlyCount "52"]
[EventDate "2021.10.30"]
[EventType "team-tourn"]
[EventRounds "9"]
[EventCountry "DEN"]
[SourceTitle "Turneringssystemet"]
[WhiteTeam "Bronshoj"]
[BlackTeam "Fredericia"]

1. d4 Nf6 2. Nf3 d5 3. c4 e6 4. Nc3 dxc4 5. e3 a6 6. a4 b6 7. Bxc4 Bb7 8. O-O
Bb4 9. Qe2 O-O 10. Rd1 Qe7 11. Ne5 Nfd7 12. Nd3 a5 13. Bd2 Na6 14. Rac1 c6 15.
f4 c5 16. Ne5 cxd4 17. exd4 Nxe5 18. fxe5 Qd7 19. Be3 Nc7 20. Qg4 Kh8 21. Bd3
Bxc3 22. bxc3 f5 23. exf6 gxf6 24. Qh4 Nd5 25. Bf2 Qg7 26. Bg3 Rac8 1/2-1/2

[Event "Skakligaen 2021-22"]
[Site "Denmark"]
[Date "2021.10.31"]
[Round "2.7"]
[White "Ostergaard, Rasmus Thestrup"]
[Black "Greger, Roland Reinhard"]
[Result "1/2-1/2"]
[WhiteElo "2102"]
[BlackElo "2277"]
[PlyCount "46"]
[EventDate "2021.10.30"]
[EventType "team-tourn"]
[EventRounds "9"]
[EventCountry "DEN"]
[SourceTitle "Turneringssystemet"]
[WhiteTeam "Fredericia"]
[BlackTeam "Bronshoj"]

1. d4 Nf6 2. Nf3 e6 3. g3 b6 4. Bg2 Bb7 5. c4 Be7 6. O-O O-O 7. Nc3 Ne4 8. Qc2
Nxc3 9. Qxc3 f5 10. b3 Qc8 11. Bb2 Bf6 12. Rad1 a5 13. Qd2 Be4 14. d5 Na6 15.
dxe6 dxe6 16. Ne5 Bxg2 17. Kxg2 Nc5 18. Qe3 Re8 19. f3 Nb7 20. Rd2 a4 21. Rfd1
axb3 22. axb3 Ra2 23. Bc3 Rxd2 1/2-1/2

[Event "Skakligaen 2021-22"]
[Site "Denmark"]
[Date "2021.10.31"]
[Round "2.8"]
[White "Junge, Ralph"]
[Black "Madsen, Michael Baehring"]
[Result "1/2-1/2"]
[WhiteElo "2228"]
[BlackElo "2046"]
[PlyCount "39"]
[EventDate "2021.10.30"]
[EventType "team-tourn"]
[EventRounds "9"]
[EventCountry "DEN"]
[SourceTitle "Turneringssystemet"]
[WhiteTeam "Bronshoj"]
[BlackTeam "Fredericia"]

1. d4 Nf6 2. Bg5 d5 3. Bxf6 gxf6 4. e3 c5 5. c3 cxd4 6. exd4 Bf5 7. Bd3 Bxd3 8.
Qxd3 e6 9. Ne2 Bd6 10. Nd2 Nc6 11. a3 h5 12. h4 Ne7 13. Nf1 Nf5 14. Ne3 Nxe3
15. Qxe3 Qc7 16. O-O O-O-O 17. c4 dxc4 18. Rfc1 Kb8 19. b3 c3 20. Rxc3 1/2-1/2

[Event "Skakligaen 2021-22"]
[Site "Denmark"]
[Date "2021.10.31"]
[Round "2.1"]
[White "Thogersen, Rasmus"]
[Black "Hansen, Sune Berg"]
[Result "0-1"]
[WhiteElo "2278"]
[BlackElo "2528"]
[PlyCount "78"]
[EventDate "2021.10.30"]
[EventType "team-tourn"]
[EventRounds "9"]
[EventCountry "DEN"]
[SourceTitle "Live"]
[WhiteTeam "SK1968"]
[BlackTeam "Hillerod"]

1. e4 c5 2. Nf3 Nc6 3. d4 cxd4 4. Nxd4 Nf6 5. Nc3 e5 6. Ndb5 d6 7. Bg5 a6 8.
Na3 b5 9. Nd5 Be7 10. Bxf6 Bxf6 11. c3 Bg5 12. Nc2 Ne7 13. Nxe7 Qxe7 14. Be2
O-O 15. O-O Bb7 16. Qd3 f5 17. exf5 d5 18. a4 bxa4 19. Rxa4 Kh8 20. Rfa1 Rad8
21. Qh3 Bc8 22. Bg4 Rf6 23. Ra5 Bb7 24. Nb4 Rh6 25. Qd3 d4 26. Qc4 e4 27. cxd4
Bf4 28. g3 e3 29. f3 e2 30. Nc2 Rc6 31. Rc5 Rxc5 32. Qxc5 Be3+ 33. Kg2 Qxc5 34.
dxc5 Rd2 35. Ne1 Rd1 36. Ra3 Bxc5 37. Rb3 Rxe1 38. Rxb7 Rg1+ 39. Kh3 Bf8 0-1